Statistiques concernant Châteaux et forteresses par image

Cliquez ici pour prendre le quiz!

Statistiques générales

  • Ce quiz a été pris 106 fois
  • Le résultat moyen est 9 sur 15

Statistiques - réponses

Réponse% Correct
France
98%
Royaume-Uni
92%
Etats-Unis
86%
Allemagne
84%
Irlande
72%
Russie
72%
Italie
65%
Autriche
63%
République tchèque
50%
Pologne
49%
Roumanie
49%
Syrie
42%
Inde
27%
Cuba
17%
Pakistan
17%

Distribution des résultats

Percentile par nombre de réponses

% des personnes avec chaque résultat

Votre développement - résultats

Vous n’avez pas pris ce quiz